000
00266nam a22001217a 4500
008
170627b xxu||||| |||| 00| 0 eng d
041
_a
eng
080
_a
32
100
_a
21
101
_a
SHP
245
_a
BLACK CHILD, WHITE CHILD
_c
PORTER, J.D.R
942
_2
udc
_c
BK
999
_c
19152
_d
19152